000 01143cam a2200265 i 4500
003 SA-RiAUC
005 20241126062615.0
008 241124s1995 ua o g 000 0 ara c
040 _aQA-DoQUL
_bara
_cSA-RiAUC
_erda
082 0 4 _a364.163
090 _a364.163
_bب ص ل
100 1 _aبصلة، رياض فتح الله
_eمؤلف.
245 1 0 _aجرائم بطاقة الائتمان :
_bدراسة معرفية تحليلية لمكوناتها وأساليب تزييفها وطرق التعرف عليها /
_cتأليف رياض فتح الله بصلة ؛ تقديم فخري محمد صالح عثمان.
264 1 _aالقاهرة :
_bدار الشروق،
_c1995
300 _a166 صفحة :
_bصور ؛
_c24 سم
336 _aنص
_btxt
_2rdacontent
_3كتاب
337 _aبدون وسيط
_bn
_2rdamedia
338 _aمجلد
_bnc
_2rdacarrier
650 7 _aالتزوير
_2aucsh
650 7 _aبطاقات الائتمان
_2aucsh
650 7 _aمكافحة الجريمة
_2aucsh
700 1 _aعثمان، فخري محمد صالح
_eمقدم.
942 _2ddc
_cBOOK
_n0
949 _aSA-JeALM
_d241124
_umohamedma123
_n1
999 _c2774
_d2774